000 02306nam a22003737a 4500
001 42835
003 gtgccic
005 20260313124714.0
007 ta
008 260313b gt ||||| |||| 00| 0 spa d
040 _agtgccic
_bspa
_cgtgccic
_erda
084 _0TPI-18-0137
100 1 0 _aWilliam Eduardo Fagiani Cruz
_eautor
245 1 0 _aDiseño experimental y análisis de varianza aplicados a la producción de hidrógeno y oxígeno
_bde un reactor electrolítico, modificando temperatura y composición química, para estimar sus condiciones óptimas de funcionamiento /
_cFagiani Cruz, William Eduardo
264 1 _aGuatemala :
_bUSAC, Facultad de Ingeniería ;
_c2018.-
300 _a104 p. :
_bil. ;
_c28 cm
336 _2rdacontenido
_aTexto
_btxt
337 _2rdamedio
_asin mediación
_bn
338 _2rdasoporte
_avolumen
_bnc
502 _aTesis Postgrado
_bMAESTRO EN ARTES EN ESTADÍSITICA APLICADA
_cUSAC, Facultad de Ingeniería, Escuela de Postgrado
_d2018
_oTPI-18-0137
504 _aBibliografía pag. 85
505 _t1. MARCO REFERENCIAL
505 _t2. MARCO TEÓRICO (Reactores electrolíticos)
505 _t3. PRESENTACIÓN DE RESULTADOS (Efecto de la temperatura)
505 _t4. DISCUSIÓNDE RESULTADOS
520 _aUna tecnología que presenta ventajas para el medio ambiente y la economía, solamente puede ser rechazada cuando no se cuenta con la información adecuada a nivel colectivo. Esto es lo que ocurre con los reactores electrolíticos, que tienen la posibiidad de mejorar el proceso de combustión de un vehículo, actualmente ningún diseño automotriz comercializado en el país lo incluye. El objetivo de la presente investigación es generar información estadísticamente fundamentada para caracterizar el comportamiento de un reactor electrolítico de diseño usual, y encontrar las condiciones a las que funciona generando flujos máximos de gases (hidrógeno y oxígeno), mediante un diseño experimental que da origen a un modelo de predicción para dicho comportamiento.
650 _aANÁLISIS DE VARIANZA
650 _aHIDRÓGENO Y OXÍGENO
650 _aREACTORES NUCLEARES
700 _aDr. Adolfo Narciso Gramajo Antonio
_easesor
700 _aMtra. Mayra Maritza Quemé Peña
_eCo-asesor
942 _2ddc
_cTPS
945 _aamlo
999 _c2724
_d2724